Conflict ministry in the church / (Record no. 809)

MARC details
000 -LEADER
fixed length control field 00775nam a2200253 a 4500
001 - CONTROL NUMBER
control field 2300511
003 - CONTROL NUMBER IDENTIFIER
control field GBCCL
005 - DATE AND TIME OF LATEST TRANSACTION
control field 20241126110346.0
008 - FIXED-LENGTH DATA ELEMENTS--GENERAL INFORMATION
fixed length control field 810724s1981 tnua b 000 0 eng
010 ## -
-- 80067781
020 ## - INTERNATIONAL STANDARD BOOK NUMBER
International Standard Book Number 0805425403 (pbk.)
040 ## - CATALOGING SOURCE
Original cataloging agency DLC
Transcribing agency DLC
Modifying agency DLC
050 00 -
-- BV652.9
-- .M37
082 00 - DEWEY DECIMAL CLASSIFICATION NUMBER
Classification number 253
Edition information 19
Item number MCS
100 1# - MAIN ENTRY--PERSONAL NAME
Personal name McSwain, Larry L.
9 (RLIN) 1180
245 10 - TITLE STATEMENT
Title Conflict ministry in the church /
Statement of responsibility, etc. Larry L. McSwain and William C. Treadwell, Jr.
260 ## - PUBLICATION, DISTRIBUTION, ETC.
Place of publication, distribution, etc. Nashville, Tenn. :
Name of publisher, distributor, etc. Broadman Press,
Date of publication, distribution, etc. c1981.
300 ## - PHYSICAL DESCRIPTION
Extent 202 p. :
Other physical details ill. ;
Dimensions 21 cm.
504 ## - BIBLIOGRAPHY, ETC. NOTE
Bibliography, etc. note Bibliography: p. 197-202.
650 #0 - SUBJECT ADDED ENTRY--TOPICAL TERM
Topical term or geographic name entry element Church controversies.
9 (RLIN) 128
700 1# - ADDED ENTRY--PERSONAL NAME
Personal name Treadwell, William C.
9 (RLIN) 1181
906 ## - LOCAL DATA ELEMENT F, LDF (RLIN)
a 7
b cbc
c orignew
d 2
e opcn
f 19
g y-gencatlg
942 ## - ADDED ENTRY ELEMENTS (KOHA)
Source of classification or shelving scheme Dewey Decimal Classification
Koha item type Books
Koha issues (borrowed), all copies 5
Holdings
Withdrawn status Lost status Source of classification or shelving scheme Damaged status Not for loan Home library Current Library Shelving location Date acquired Total checkouts Full call number Barcode Date last seen Date last checked out Copy number Price effective from Koha item type
    Dewey Decimal Classification     GRACE BIBLE COLLEGE GRACE BIBLE COLLEGE Ministry & Mission 2017-03-16 6 253 MCS 008091 2025-05-01 2024-02-26 c.1 2017-03-16 Books
© Grace Bible College Library 2025